| 000 | 005990000a22001810004500 | ||
|---|---|---|---|
| 003 | MACL | ||
| 005 | 20160319152910.0 | ||
| 008 | 160319b xxu||||| |||| 00| 0 eng d | ||
| 040 |
_aMACL _cMACL |
||
| 041 | _aHindi | ||
| 082 | _a800 | ||
| 100 |
_aडॉ रमा सेनगुप्ता _947483 |
||
| 245 | _aहिन्दी तथा बंगला नाटकों का तुलनात्मक अध्ययन | ||
| 260 |
_bकमल प्रकाशन _c1971 _aइन्दौर |
||
| 350 | _a20 | ||
| 650 |
_aLiteracture _947484 |
||
| 942 |
_cHIN _k800 _2ddc |
||
| 999 |
_c26378 _d26378 |
||